<?xml version="1.0" encoding="UTF-8"?>
<record
    xmlns:xsi="http://www.w3.org/2001/XMLSchema-instance"
    xsi:schemaLocation="http://www.loc.gov/MARC21/slim http://www.loc.gov/standards/marcxml/schema/MARC21slim.xsd"
    xmlns="http://www.loc.gov/MARC21/slim">

  <leader>01499nam a2200277 u 4500</leader>
  <controlfield tag="001">1226329</controlfield>
  <controlfield tag="005">20260508070355.0</controlfield>
  <controlfield tag="008">101203s2006                        spa  </controlfield>
  <datafield tag="020" ind1=" " ind2=" ">
    <subfield code="a">8408058193</subfield>
  </datafield>
  <datafield tag="035" ind1=" " ind2=" ">
    <subfield code="a">1226329</subfield>
  </datafield>
  <datafield tag="035" ind1=" " ind2=" ">
    <subfield code="a">(OCoLC)630424820</subfield>
  </datafield>
  <datafield tag="040" ind1=" " ind2=" ">
    <subfield code="c">comduadb</subfield>
  </datafield>
  <datafield tag="041" ind1=" " ind2=" ">
    <subfield code="a">spa</subfield>
  </datafield>
  <datafield tag="082" ind1=" " ind2="4">
    <subfield code="a">501</subfield>
  </datafield>
  <datafield tag="100" ind1="1" ind2="0">
    <subfield code="a">Sagan, Carl,</subfield>
    <subfield code="d">1934-1996</subfield>
    <subfield code="4">aut</subfield>
    <subfield code="0">(isni)0000 0001 2128 2295</subfield>
    <subfield code="0">(viaf)36997809</subfield>
    <subfield code="e">aut</subfield>
    <subfield code="9">239023</subfield>
  </datafield>
  <datafield tag="245" ind1="1" ind2="3">
    <subfield code="a">El mundo y sus demonios : la ciencia como una luz en la oscuridad</subfield>
  </datafield>
  <datafield tag="250" ind1=" " ind2=" ">
    <subfield code="a">2.ed.</subfield>
  </datafield>
  <datafield tag="260" ind1=" " ind2=" ">
    <subfield code="a">Barcelona :</subfield>
    <subfield code="b">Editorial Planeta,</subfield>
    <subfield code="c">2006.</subfield>
  </datafield>
  <datafield tag="300" ind1=" " ind2=" ">
    <subfield code="a">493 p&#xE1;ginas</subfield>
  </datafield>
  <datafield tag="520" ind1="3" ind2=" ">
    <subfield code="a">&#xBF;Estamos al borde de una nueva edad oscura de irracionalismo y superstici&#xF3;n? En este libro conmovedor el incomparable Carl Sagan demuestra con brillantez que el pensamiento cient&#xED;fico es necesario para salvaguardar nuestras instituciones democr&#xE1;ticas y nuestra civilizaci&#xF3;n t&#xE9;cnica. El mundo y sus demonios es el libro m&#xE1;s pe rsonal de Sagan, y est&#xE1; lleno de historias humanas entra&#xF1;ables y reveladoras. El autor, con las experiencias de su propia infancia y la apsionante historia de los descubrimientos de la ciencia, muestra c&#xF3;mo el m&#xE9;todo del pensamiento racional puede superar prejucios y supersticiones para dejar al descubierto la verdad, con frecuencia, resulta sorprendente.</subfield>
  </datafield>
  <datafield tag="650" ind1=" " ind2="7">
    <subfield code="a">Ciencia</subfield>
    <subfield code="2">lemb</subfield>
    <subfield code="9">1783</subfield>
  </datafield>
  <datafield tag="650" ind1=" " ind2="7">
    <subfield code="a">Razonamiento</subfield>
    <subfield code="2">lemb</subfield>
    <subfield code="9">2122</subfield>
  </datafield>
  <datafield tag="650" ind1=" " ind2="7">
    <subfield code="a">Cosmolog&#xED;a</subfield>
    <subfield code="2">lemb</subfield>
    <subfield code="9">31944</subfield>
  </datafield>
  <datafield tag="700" ind1="1" ind2="0">
    <subfield code="a">Udina, Dolors</subfield>
    <subfield code="4">trl</subfield>
    <subfield code="e">trl</subfield>
    <subfield code="9">406370</subfield>
  </datafield>
  <datafield tag="942" ind1=" " ind2=" ">
    <subfield code="c">BOOK</subfield>
  </datafield>
  <datafield tag="999" ind1=" " ind2=" ">
    <subfield code="c">564735</subfield>
    <subfield code="d">564735</subfield>
  </datafield>
  <datafield tag="952" ind1=" " ind2=" ">
    <subfield code="0">0</subfield>
    <subfield code="1">0</subfield>
    <subfield code="4">0</subfield>
    <subfield code="7">0</subfield>
    <subfield code="8">GEN</subfield>
    <subfield code="a">BC</subfield>
    <subfield code="b">BC</subfield>
    <subfield code="d">2010-12-03</subfield>
    <subfield code="e">Material pagado con consignaci&#xF3;n</subfield>
    <subfield code="i">C1104916</subfield>
    <subfield code="l">14</subfield>
    <subfield code="m">2</subfield>
    <subfield code="o">501 S129m 2006</subfield>
    <subfield code="p">1018700</subfield>
    <subfield code="r">2026-04-16 10:18:14</subfield>
    <subfield code="s">2026-02-13</subfield>
    <subfield code="t">1</subfield>
    <subfield code="w">2023-04-30</subfield>
    <subfield code="y">BOOK</subfield>
  </datafield>
</record>
